[Event "April 9 Early 2024"]
[Site "Chess.com"]
[Date "2024.04.09"]
[Round "4"]
[White "De Boer, Eelke"]
[Black "Haug, Havard"]
[Result "0-1"]
[Board "83"]
[WhiteFideId "1048120"]
[BlackFideId "1547887"]
[WhiteTitle "FM"]
[BlackTitle "FM"]
[WhiteElo "2569"]
[BlackElo "2785"]
[WhiteTeam "NED"]
[BlackTeam "NOR"]
[WhiteClock "0:00:10"]
[BlackClock "0:00:29"]
[Variant "Standard"]

1. e4 {[%clk 0:03:00]}  c6 {[%clk 0:02:59]} 2. d4 {[%clk 0:02:59]}  d5 {[%clk 0:03:00]} 3. e5 {[%clk 0:02:59]}  c5 {[%clk 0:03:00]} 4. Nf3 {[%clk 0:02:58]}  Bg4 {[%clk 0:02:57]} 5. dxc5 {[%clk 0:02:58]}  Nc6 {[%clk 0:02:56]} 6. c3 {[%clk 0:02:57]}  e6 {[%clk 0:02:55]} 7. Be3 {[%clk 0:02:56]}  a6 {[%clk 0:02:53]} 8. Nbd2 {[%clk 0:02:52]}  Nxe5 {[%clk 0:02:52]} 9. Qa4+ {[%clk 0:02:46]}  Qd7 {[%clk 0:02:52]} 10. Qxd7+ {[%clk 0:02:46]}  Nxd7 {[%clk 0:02:52]} 11. b4 {[%clk 0:02:46]}  g6 {[%clk 0:02:51]} 12. h3 {[%clk 0:02:45]}  Bxf3 {[%clk 0:02:50]} 13. Nxf3 {[%clk 0:02:46]}  Bg7 {[%clk 0:02:51]} 14. Rc1 {[%clk 0:02:29]}  Ne7 {[%clk 0:02:48]} 15. g4 {[%clk 0:02:17]}  O-O {[%clk 0:02:47]} 16. Bg2 {[%clk 0:02:15]}  Nc6 {[%clk 0:02:45]} 17. O-O {[%clk 0:02:05]}  Nce5 {[%clk 0:02:40]} 18. Nd2 {[%clk 0:01:55]}  a5 {[%clk 0:02:37]} 19. c4 {[%clk 0:01:34]}  Nd3 {[%clk 0:02:19]} 20. cxd5 {[%clk 0:01:34]}  Nxc1 {[%clk 0:01:50]} 21. Rxc1 {[%clk 0:01:33]}  exd5 {[%clk 0:01:07]} 22. Bxd5 {[%clk 0:01:30]}  Rab8 {[%clk 0:01:03]} 23. b5 {[%clk 0:01:24]}  Ne5 {[%clk 0:01:03]} 24. a3 {[%clk 0:00:32]}  Rfd8 {[%clk 0:01:01]} 25. Be4 {[%clk 0:00:32]}  f5 {[%clk 0:00:42]} 26. gxf5 {[%clk 0:00:31]}  gxf5 {[%clk 0:00:43]} 27. Bxf5 {[%clk 0:00:23]}  Rxd2 {[%clk 0:00:42]} 28. Bxd2 {[%clk 0:00:24]}  Nf3+ {[%clk 0:00:43]} 29. Kg2 {[%clk 0:00:22]}  Nxd2 {[%clk 0:00:44]} 30. c6 {[%clk 0:00:22]}  bxc6 {[%clk 0:00:42]} 31. bxc6 {[%clk 0:00:23]}  Be5 {[%clk 0:00:41]} 32. c7 {[%clk 0:00:24]}  Bxc7 {[%clk 0:00:41]} 33. Rxc7 {[%clk 0:00:24]}  h6 {[%clk 0:00:38]} 34. Rc2 {[%clk 0:00:17]}  Rd8 {[%clk 0:00:34]} 35. f3 {[%clk 0:00:11]}  Kg7 {[%clk 0:00:32]} 36. Kf2 {[%clk 0:00:11]}  Nb3 {[%clk 0:00:31]} 37. Ke3 {[%clk 0:00:08]}  Kf6 {[%clk 0:00:24]} 38. Be4 {[%clk 0:00:08]}  Rd1 {[%clk 0:00:20]} 39. Rc6+ {[%clk 0:00:08]}  Ke7 {[%clk 0:00:20]} 40. Bc2 {[%clk 0:00:08]}  Rc1 {[%clk 0:00:16]} 41. Be4 {[%clk 0:00:03]}  Ra1 {[%clk 0:00:14]} 42. Rc3 {[%clk 0:00:02]}  Rxa3 {[%clk 0:00:13]} 43. Bc2 {[%clk 0:00:02]}  a4 {[%clk 0:00:13]} 44. Kd3 {[%clk 0:00:01]}  Nc5+ {[%clk 0:00:08]} 45. Kc4 {[%clk 0:00:02]}  Rxc3+ {[%clk 0:00:09]} 46. Kxc3 {[%clk 0:00:02]}  a3 {[%clk 0:00:10]} 47. Bb1 {[%clk 0:00:02]}  Kf6 {[%clk 0:00:10]} 48. Kb4 {[%clk 0:00:02]}  Ne6 {[%clk 0:00:09]} 49. Kxa3 {[%clk 0:00:03]}  Ke5 {[%clk 0:00:10]} 50. Kb4 {[%clk 0:00:03]}  h5 {[%clk 0:00:10]} 51. h4 {[%clk 0:00:03]}  Nf4 {[%clk 0:00:10]} 52. Be4 {[%clk 0:00:04]}  Kf6 {[%clk 0:00:08]} 53. Kc3 {[%clk 0:00:04]}  Ng2 {[%clk 0:00:08]} 54. Kd2 {[%clk 0:00:04]}  Nxh4 {[%clk 0:00:09]} 55. Ke3 {[%clk 0:00:05]}  Ng2+ {[%clk 0:00:10]} 56. Kf2 {[%clk 0:00:05]}  Nf4 {[%clk 0:00:11]} 57. Kg3 {[%clk 0:00:05]}  Kg5 {[%clk 0:00:11]} 58. Bc6 {[%clk 0:00:05]}  h4+ {[%clk 0:00:12]} 59. Kh2 {[%clk 0:00:06]}  Ng6 {[%clk 0:00:13]} 60. f4+ {[%clk 0:00:06]}  Kxf4 {[%clk 0:00:12]} 61. Kh3 {[%clk 0:00:07]}  Kg5 {[%clk 0:00:12]} 62. Be4 {[%clk 0:00:07]}  Ne5 {[%clk 0:00:13]} 63. Kh2 {[%clk 0:00:07]}  Ng4+ {[%clk 0:00:14]} 64. Kg2 {[%clk 0:00:07]}  Kf4 {[%clk 0:00:14]} 65. Bb7 {[%clk 0:00:06]}  Ne3+ {[%clk 0:00:15]} 66. Kh3 {[%clk 0:00:06]}  Kg5 {[%clk 0:00:15]} 67. Bc8 {[%clk 0:00:05]}  Nc4 {[%clk 0:00:16]} 68. Ba6 {[%clk 0:00:05]}  Nd6 {[%clk 0:00:17]} 69. Bd3 {[%clk 0:00:04]}  Nf7 {[%clk 0:00:17]} 70. Ba6 {[%clk 0:00:04]}  Ne5 {[%clk 0:00:18]} 71. Bc8 {[%clk 0:00:04]}  Ng6 {[%clk 0:00:18]} 72. Bd7 {[%clk 0:00:03]}  Nf4+ {[%clk 0:00:19]} 73. Kh2 {[%clk 0:00:03]}  Nd5 {[%clk 0:00:20]} 74. Bc8 {[%clk 0:00:04]}  Kf4 {[%clk 0:00:20]} 75. Bh3 {[%clk 0:00:04]}  Ne3 {[%clk 0:00:20]} 76. Bc8 {[%clk 0:00:04]}  Nc4 {[%clk 0:00:19]} 77. Bh3 {[%clk 0:00:05]}  Ne5 {[%clk 0:00:19]} 78. Bc8 {[%clk 0:00:05]}  Ng6 {[%clk 0:00:20]} 79. Kh3 {[%clk 0:00:06]}  Kg5 {[%clk 0:00:20]} 80. Bb7 {[%clk 0:00:05]}  Ne7 {[%clk 0:00:20]} 81. Kh2 {[%clk 0:00:06]}  Nf5 {[%clk 0:00:20]} 82. Bc8 {[%clk 0:00:06]}  Nd4 {[%clk 0:00:21]} 83. Bh3 {[%clk 0:00:06]}  Nf3+ {[%clk 0:00:21]} 84. Kg2 {[%clk 0:00:07]}  Kf4 {[%clk 0:00:22]} 85. Bc8 {[%clk 0:00:07]}  Ne1+ {[%clk 0:00:22]} 86. Kh3 {[%clk 0:00:07]}  Kg5 {[%clk 0:00:22]} 87. Bb7 {[%clk 0:00:07]}  Nd3 {[%clk 0:00:23]} 88. Be4 {[%clk 0:00:07]}  Nf2+ {[%clk 0:00:23]} 89. Kg2 {[%clk 0:00:08]}  Nxe4 {[%clk 0:00:24]} 90. Kh3 {[%clk 0:00:08]}  Nf6 {[%clk 0:00:24]} 91. Kh2 {[%clk 0:00:08]}  Kg4 {[%clk 0:00:25]} 92. Kg2 {[%clk 0:00:09]}  Nh5 {[%clk 0:00:26]} 93. Kh2 {[%clk 0:00:09]}  Nf4 {[%clk 0:00:26]} 94. Kg1 {[%clk 0:00:10]}  Kg3 {[%clk 0:00:27]} 95. Kh1 {[%clk 0:00:10]}  Nd3 {[%clk 0:00:27]} 96. Kg1 {[%clk 0:00:10]}  h3 {[%clk 0:00:28]} 97. Kh1 {[%clk 0:00:11]}  Nf2+ {[%clk 0:00:29]} 98. Kg1 {[%clk 0:00:10]}  h2+ {[%clk 0:00:29]} 0-1

[Event "April 9 Early 2024"]
[Site "Chess.com"]
[Date "2024.04.09"]
[Round "4"]
[White "Yagupov, Igor"]
[Black "Goltsev, Dmitry"]
[Result "0-1"]
[Board "84"]
[WhiteFideId "4113632"]
[BlackFideId "24176710"]
[WhiteTitle "GM"]
[BlackTitle "FM"]
[WhiteElo "2568"]
[BlackElo "2784"]
[WhiteTeam "RUS"]
[BlackTeam "RUS"]
[WhiteClock "0:00:26"]
[BlackClock "0:01:41"]
[Variant "Standard"]

1. e4 {[%clk 0:03:00]}  e6 {[%clk 0:02:51]} 2. d4 {[%clk 0:02:59]}  d5 {[%clk 0:02:52]} 3. Nc3 {[%clk 0:02:59]}  c5 {[%clk 0:02:53]} 4. exd5 {[%clk 0:02:59]}  exd5 {[%clk 0:02:54]} 5. Bb5+ {[%clk 0:02:55]}  Nc6 {[%clk 0:02:53]} 6. Nf3 {[%clk 0:02:49]}  Nf6 {[%clk 0:02:52]} 7. O-O {[%clk 0:02:48]}  Be7 {[%clk 0:02:52]} 8. dxc5 {[%clk 0:02:47]}  Bxc5 {[%clk 0:02:53]} 9. Re1+ {[%clk 0:02:45]}  Be6 {[%clk 0:02:52]} 10. Nd4 {[%clk 0:02:30]}  O-O {[%clk 0:02:52]} 11. Bxc6 {[%clk 0:02:25]}  bxc6 {[%clk 0:02:44]} 12. Na4 {[%clk 0:02:22]}  Bd6 {[%clk 0:02:41]} 13. Nxe6 {[%clk 0:02:10]}  fxe6 {[%clk 0:02:42]} 14. Rxe6 {[%clk 0:02:10]}  Ne4 {[%clk 0:02:40]} 15. Qg4 {[%clk 0:01:33]}  Nxf2 {[%clk 0:02:34]} 16. Qg5 {[%clk 0:01:32]}  Qd7 {[%clk 0:02:29]} 17. Re2 {[%clk 0:01:23]}  Ne4 {[%clk 0:02:28]} 18. Qh4 {[%clk 0:01:22]}  Rf5 {[%clk 0:02:17]} 19. Be3 {[%clk 0:01:17]}  Raf8 {[%clk 0:02:18]} 20. Rd1 {[%clk 0:01:05]}  Qf7 {[%clk 0:02:08]} 21. Qe1 {[%clk 0:00:54]}  Qh5 {[%clk 0:02:01]} 22. g3 {[%clk 0:00:39]}  Rf1+ {[%clk 0:01:42]} 23. Qxf1 {[%clk 0:00:38]}  Rxf1+ {[%clk 0:01:43]} 24. Kxf1 {[%clk 0:00:37]}  Qf3+ {[%clk 0:01:43]} 25. Bf2 {[%clk 0:00:26]}  Nxf2 {[%clk 0:01:41]} 0-1

[Event "April 9 Early 2024"]
[Site "Chess.com"]
[Date "2024.04.09"]
[Round "4"]
[White "Banerjee, Supratit"]
[Black "Damjanovic, Vuk"]
[Result "0-1"]
[Board "86"]
[WhiteFideId "2410079"]
[BlackFideId "980021"]
[WhiteTitle "CM"]
[BlackTitle "IM"]
[WhiteElo "2566"]
[BlackElo "2775"]
[WhiteTeam "ENG"]
[BlackTeam "SRB"]
[WhiteClock "0:00:03"]
[BlackClock "0:00:21"]
[Variant "Standard"]

1. e4 {[%clk 0:03:00]}  e5 {[%clk 0:02:54]} 2. Nf3 {[%clk 0:03:00]}  Nc6 {[%clk 0:02:52]} 3. Bc4 {[%clk 0:02:58]}  d6 {[%clk 0:02:51]} 4. O-O {[%clk 0:02:58]}  Be7 {[%clk 0:02:51]} 5. d4 {[%clk 0:02:58]}  Nf6 {[%clk 0:02:46]} 6. Re1 {[%clk 0:02:56]}  Bg4 {[%clk 0:02:46]} 7. c3 {[%clk 0:02:54]}  O-O {[%clk 0:02:41]} 8. d5 {[%clk 0:02:51]}  Nb8 {[%clk 0:02:39]} 9. h3 {[%clk 0:02:50]}  Bxf3 {[%clk 0:02:32]} 10. Qxf3 {[%clk 0:02:49]}  Ne8 {[%clk 0:02:32]} 11. Nd2 {[%clk 0:02:48]}  Bg5 {[%clk 0:02:32]} 12. Nf1 {[%clk 0:02:47]}  Bxc1 {[%clk 0:02:30]} 13. Raxc1 {[%clk 0:02:47]}  g6 {[%clk 0:02:30]} 14. Ng3 {[%clk 0:02:46]}  Ng7 {[%clk 0:02:29]} 15. Bd3 {[%clk 0:02:42]}  Nd7 {[%clk 0:02:29]} 16. b4 {[%clk 0:02:40]}  a5 {[%clk 0:02:28]} 17. a3 {[%clk 0:02:40]}  Qh4 {[%clk 0:02:13]} 18. Bb5 {[%clk 0:02:29]}  Nf6 {[%clk 0:01:58]} 19. Nf1 {[%clk 0:02:19]}  Nfh5 {[%clk 0:01:51]} 20. Nh2 {[%clk 0:02:01]}  f5 {[%clk 0:01:50]} 21. g3 {[%clk 0:01:54]}  Qg5 {[%clk 0:01:43]} 22. h4 {[%clk 0:01:49]}  Qe7 {[%clk 0:01:30]} 23. Be2 {[%clk 0:01:22]}  Rf7 {[%clk 0:01:02]} 24. exf5 {[%clk 0:01:18]}  gxf5 {[%clk 0:01:00]} 25. Qg2 {[%clk 0:01:11]}  Raf8 {[%clk 0:00:59]} 26. Nf3 {[%clk 0:01:03]}  h6 {[%clk 0:00:56]} 27. Bd1 {[%clk 0:00:56]}  Qd8 {[%clk 0:00:52]} 28. Bc2 {[%clk 0:00:53]}  Nf6 {[%clk 0:00:52]} 29. c4 {[%clk 0:00:48]}  Ng4 {[%clk 0:00:47]} 30. Nh2 {[%clk 0:00:33]}  Nxh2 {[%clk 0:00:47]} 31. Qxh2 {[%clk 0:00:34]}  Qf6 {[%clk 0:00:43]} 32. f4 {[%clk 0:00:23]}  Re8 {[%clk 0:00:39]} 33. fxe5 {[%clk 0:00:18]}  Rxe5 {[%clk 0:00:40]} 34. Qf2 {[%clk 0:00:16]}  Rfe7 {[%clk 0:00:40]} 35. Rxe5 {[%clk 0:00:16]}  Qxe5 {[%clk 0:00:41]} 36. Kf1 {[%clk 0:00:15]}  axb4 {[%clk 0:00:40]} 37. axb4 {[%clk 0:00:15]}  Qc3 {[%clk 0:00:39]} 38. Rd1 {[%clk 0:00:14]}  Re3 {[%clk 0:00:37]} 39. Qd2 {[%clk 0:00:10]}  Rf3+ {[%clk 0:00:37]} 40. Ke2 {[%clk 0:00:10]}  Qa3 {[%clk 0:00:23]} 41. Bd3 {[%clk 0:00:07]}  Rxg3 {[%clk 0:00:23]} 42. Qf4 {[%clk 0:00:07]}  Qb2+ {[%clk 0:00:21]} 43. Rd2 {[%clk 0:00:07]}  Rg2+ {[%clk 0:00:22]} 44. Ke1 {[%clk 0:00:07]}  Qc1+ {[%clk 0:00:21]} 45. Rd1 {[%clk 0:00:04]}  Qxf4 {[%clk 0:00:22]} 46. Bxf5 {[%clk 0:00:03]}  Qf2# {[%clk 0:00:21]} 0-1

[Event "April 9 Early 2024"]
[Site "Chess.com"]
[Date "2024.04.09"]
[Round "4"]
[White "Jaskolka, Tomasz"]
[Black "Pinero Rodriguez, Carlos Jose"]
[Result "1/2-1/2"]
[Board "87"]
[WhiteFideId "1170791"]
[BlackFideId "3901726"]
[WhiteTitle "CM"]
[BlackTitle "IM"]
[WhiteElo "2565"]
[BlackElo "2772"]
[WhiteTeam "POL"]
[BlackTeam "VEN"]
[WhiteClock "0:00:06"]
[BlackClock "0:00:30"]
[Variant "Standard"]

1. e4 {[%clk 0:02:59]}  c5 {[%clk 0:02:59]} 2. Nf3 {[%clk 0:02:59]}  e6 {[%clk 0:02:59]} 3. g3 {[%clk 0:02:48]}  Nc6 {[%clk 0:02:58]} 4. Bg2 {[%clk 0:02:49]}  e5 {[%clk 0:02:58]} 5. O-O {[%clk 0:02:46]}  g6 {[%clk 0:02:59]} 6. d3 {[%clk 0:02:42]}  Bg7 {[%clk 0:02:59]} 7. Nc3 {[%clk 0:02:42]}  d6 {[%clk 0:02:59]} 8. Nd5 {[%clk 0:02:42]}  h6 {[%clk 0:02:59]} 9. Nd2 {[%clk 0:02:39]}  Nge7 {[%clk 0:02:59]} 10. c4 {[%clk 0:02:39]}  Nxd5 {[%clk 0:02:58]} 11. cxd5 {[%clk 0:02:36]}  Nd4 {[%clk 0:02:59]} 12. a4 {[%clk 0:02:34]}  O-O {[%clk 0:02:59]} 13. Nc4 {[%clk 0:02:34]}  f5 {[%clk 0:02:52]} 14. f4 {[%clk 0:02:16]}  b6 {[%clk 0:02:21]} 15. fxe5 {[%clk 0:02:12]}  dxe5 {[%clk 0:02:22]} 16. Be3 {[%clk 0:01:59]}  Bd7 {[%clk 0:02:01]} 17. b3 {[%clk 0:01:54]}  Kh7 {[%clk 0:01:28]} 18. Ra2 {[%clk 0:01:49]}  Qe7 {[%clk 0:01:27]} 19. Bxd4 {[%clk 0:01:30]}  exd4 {[%clk 0:01:18]} 20. e5 {[%clk 0:01:15]}  Rad8 {[%clk 0:00:59]} 21. Re2 {[%clk 0:01:13]}  Bc8 {[%clk 0:00:56]} 22. e6 {[%clk 0:00:47]}  Ba6 {[%clk 0:00:53]} 23. d6 {[%clk 0:00:43]}  Rxd6 {[%clk 0:00:49]} 24. Nxd6 {[%clk 0:00:43]}  Qxd6 {[%clk 0:00:50]} 25. Rfe1 {[%clk 0:00:35]}  Qe7 {[%clk 0:00:48]} 26. Bd5 {[%clk 0:00:23]}  Rd8 {[%clk 0:00:47]} 27. Bc4 {[%clk 0:00:23]}  Bxc4 {[%clk 0:00:47]} 28. bxc4 {[%clk 0:00:23]}  h5 {[%clk 0:00:48]} 29. a5 {[%clk 0:00:23]}  Bh6 {[%clk 0:00:45]} 30. axb6 {[%clk 0:00:22]}  axb6 {[%clk 0:00:45]} 31. Qb3 {[%clk 0:00:21]}  Be3+ {[%clk 0:00:44]} 32. Rxe3 {[%clk 0:00:22]}  dxe3 {[%clk 0:00:44]} 33. Rxe3 {[%clk 0:00:19]}  Rd6 {[%clk 0:00:44]} 34. Qa4 {[%clk 0:00:03]}  Rxe6 {[%clk 0:00:43]} 35. Rxe6 {[%clk 0:00:04]}  Qxe6 {[%clk 0:00:44]} 36. Kf2 {[%clk 0:00:05]}  Qd6 {[%clk 0:00:43]} 37. Qa7+ {[%clk 0:00:04]}  Kh6 {[%clk 0:00:43]} 38. Qa8 {[%clk 0:00:04]}  Qd4+ {[%clk 0:00:43]} 39. Ke2 {[%clk 0:00:04]}  Qb2+ {[%clk 0:00:43]} 40. Ke3 {[%clk 0:00:04]}  Qe5+ {[%clk 0:00:42]} 41. Kf2 {[%clk 0:00:04]}  Qd4+ {[%clk 0:00:39]} 42. Ke2 {[%clk 0:00:04]}  Qf6 {[%clk 0:00:39]} 43. Ke3 {[%clk 0:00:04]}  g5 {[%clk 0:00:38]} 44. h4 {[%clk 0:00:03]}  gxh4 {[%clk 0:00:38]} 45. gxh4 {[%clk 0:00:04]}  Qe5+ {[%clk 0:00:35]} 46. Kf3 {[%clk 0:00:05]}  Qf6 {[%clk 0:00:33]} 47. Qe8 {[%clk 0:00:04]}  Qxh4 {[%clk 0:00:30]} 48. Qh8+ {[%clk 0:00:04]}  Kg6 {[%clk 0:00:31]} 49. Qg8+ {[%clk 0:00:05]}  Kh6 {[%clk 0:00:29]} 50. Qh8+ {[%clk 0:00:05]}  Kg6 {[%clk 0:00:30]} 51. Qg8+ {[%clk 0:00:06]}  Kh6 {[%clk 0:00:30]} 52. Qh8+ {[%clk 0:00:06]} 1/2-1/2

[Event "April 9 Early 2024"]
[Site "Chess.com"]
[Date "2024.04.10"]
[Round "4"]
[White "Soto Hernandez, Henry"]
[Black "Bambino Filho, Antonio Carlos"]
[Result "1-0"]
[Board "88"]
[WhiteFideId "3507475"]
[BlackFideId "2113163"]
[WhiteTitle "IM"]
[WhiteElo "2763"]
[BlackElo "2565"]
[WhiteTeam "CUB"]
[BlackTeam "BRA"]
[WhiteClock "0:00:08"]
[BlackClock "0:00:00"]
[Variant "Standard"]

1. Nf3 {[%clk 0:03:00]}  c5 {[%clk 0:02:59]} 2. g3 {[%clk 0:03:00]}  Nc6 {[%clk 0:03:00]} 3. Bg2 {[%clk 0:03:01]}  e5 {[%clk 0:03:00]} 4. d3 {[%clk 0:03:00]}  g6 {[%clk 0:03:00]} 5. O-O {[%clk 0:03:01]}  Bg7 {[%clk 0:03:01]} 6. c4 {[%clk 0:03:01]}  Nge7 {[%clk 0:03:01]} 7. Nc3 {[%clk 0:03:02]}  O-O {[%clk 0:03:02]} 8. Bg5 {[%clk 0:03:01]}  f6 {[%clk 0:03:01]} 9. Bd2 {[%clk 0:03:01]}  d6 {[%clk 0:03:00]} 10. Qc1 {[%clk 0:03:01]}  Be6 {[%clk 0:02:58]} 11. Bh6 {[%clk 0:03:00]}  Qd7 {[%clk 0:02:58]} 12. Bxg7 {[%clk 0:03:00]}  Kxg7 {[%clk 0:02:59]} 13. a3 {[%clk 0:02:59]}  Nd4 {[%clk 0:02:59]} 14. Qd1 {[%clk 0:02:56]}  Bh3 {[%clk 0:02:57]} 15. b4 {[%clk 0:02:56]}  Nxf3+ {[%clk 0:02:56]} 16. exf3 {[%clk 0:02:55]}  Bxg2 {[%clk 0:02:57]} 17. Kxg2 {[%clk 0:02:56]}  cxb4 {[%clk 0:02:55]} 18. axb4 {[%clk 0:02:57]}  d5 {[%clk 0:02:56]} 19. Qb3 {[%clk 0:02:53]}  a6 {[%clk 0:02:44]} 20. Ra5 {[%clk 0:02:45]}  dxc4 {[%clk 0:02:39]} 21. dxc4 {[%clk 0:02:46]}  Rfd8 {[%clk 0:02:39]} 22. Nd5 {[%clk 0:02:37]}  Nxd5 {[%clk 0:02:32]} 23. Rxd5 {[%clk 0:02:38]}  Qc7 {[%clk 0:02:29]} 24. Rfd1 {[%clk 0:02:37]}  Rxd5 {[%clk 0:02:29]} 25. Rxd5 {[%clk 0:02:38]}  Rd8 {[%clk 0:02:29]} 26. Qd3 {[%clk 0:02:00]}  Rxd5 {[%clk 0:02:27]} 27. Qxd5 {[%clk 0:02:00]}  Qc6 {[%clk 0:02:18]} 28. Qd3 {[%clk 0:01:56]}  Qc7 {[%clk 0:01:59]} 29. c5 {[%clk 0:01:54]}  Qc6 {[%clk 0:01:56]} 30. h4 {[%clk 0:01:50]}  Qb5 {[%clk 0:01:52]} 31. Qd6 {[%clk 0:01:07]}  Qc6 {[%clk 0:01:40]} 32. Qe7+ {[%clk 0:01:06]}  Kg8 {[%clk 0:01:33]} 33. g4 {[%clk 0:01:02]}  h5 {[%clk 0:01:22]} 34. Kg3 {[%clk 0:00:52]}  hxg4 {[%clk 0:01:15]} 35. fxg4 {[%clk 0:00:53]}  e4 {[%clk 0:01:00]} 36. Kf4 {[%clk 0:00:46]}  Qd5 {[%clk 0:01:00]} 37. Qxf6 {[%clk 0:00:41]}  Qd2+ {[%clk 0:00:51]} 38. Kg3 {[%clk 0:00:40]}  Qd3+ {[%clk 0:00:42]} 39. Kg2 {[%clk 0:00:40]}  e3 {[%clk 0:00:43]} 40. Qe6+ {[%clk 0:00:37]}  Kh7 {[%clk 0:00:42]} 41. Qe7+ {[%clk 0:00:36]}  Kg8 {[%clk 0:00:41]} 42. Qxe3 {[%clk 0:00:36]}  Qc4 {[%clk 0:00:42]} 43. Qe8+ {[%clk 0:00:24]}  Kg7 {[%clk 0:00:42]} 44. Qe7+ {[%clk 0:00:24]}  Kg8 {[%clk 0:00:43]} 45. Qg5 {[%clk 0:00:22]}  Kf7 {[%clk 0:00:41]} 46. h5 {[%clk 0:00:14]}  gxh5 {[%clk 0:00:42]} 47. gxh5 {[%clk 0:00:15]}  Qe4+ {[%clk 0:00:37]} 48. f3 {[%clk 0:00:13]}  Qe2+ {[%clk 0:00:37]} 49. Kg3 {[%clk 0:00:13]}  Qe1+ {[%clk 0:00:36]} 50. Kh3 {[%clk 0:00:13]}  Qf1+ {[%clk 0:00:25]} 51. Kg4 {[%clk 0:00:12]}  Qg2+ {[%clk 0:00:23]} 52. Kf4 {[%clk 0:00:11]}  Qd2+ {[%clk 0:00:22]} 53. Kf5 {[%clk 0:00:11]}  Qd3+ {[%clk 0:00:15]} 54. Kg4 {[%clk 0:00:11]}  Qf1 {[%clk 0:00:10]} 55. Qg6+ {[%clk 0:00:10]}  Kf8 {[%clk 0:00:10]} 56. Qf5+ {[%clk 0:00:10]}  Kg7 {[%clk 0:00:08]} 57. Qg5+ {[%clk 0:00:09]}  Kh8 {[%clk 0:00:07]} 58. Qf4 {[%clk 0:00:10]}  Qg2+ {[%clk 0:00:05]} 59. Kf5 {[%clk 0:00:10]}  Qh3+ {[%clk 0:00:05]} 60. Qg4 {[%clk 0:00:10]}  Qf1 {[%clk 0:00:05]} 61. Kf6 {[%clk 0:00:09]}  Qa1+ {[%clk 0:00:05]} 62. Ke7 {[%clk 0:00:08]}  Qe5+ {[%clk 0:00:04]} 63. Kd7 {[%clk 0:00:08]}  Qxc5 {[%clk 0:00:00]} 64. bxc5 {[%clk 0:00:08]} 1-0

[Event "April 9 Early 2024"]
[Site "Chess.com"]
[Date "2024.04.09"]
[Round "4"]
[White "Schnaider, Ilan"]
[Black "Ozates, Tuna"]
[Result "1-0"]
[Board "89"]
[WhiteFideId "169013"]
[BlackFideId "6354521"]
[WhiteTitle "FM"]
[BlackTitle "FM"]
[WhiteElo "2762"]
[BlackElo "2564"]
[WhiteTeam "ARG"]
[BlackTeam "TUR"]
[WhiteClock "0:00:08"]
[BlackClock "0:00:00"]
[Variant "Standard"]

1. e4 {[%clk 0:02:56]}  e5 {[%clk 0:02:58]} 2. Nf3 {[%clk 0:02:55]}  Nc6 {[%clk 0:02:58]} 3. d4 {[%clk 0:02:54]}  exd4 {[%clk 0:02:58]} 4. Nxd4 {[%clk 0:02:55]}  Nf6 {[%clk 0:02:59]} 5. Nc3 {[%clk 0:02:53]}  Bb4 {[%clk 0:02:57]} 6. Nxc6 {[%clk 0:02:54]}  bxc6 {[%clk 0:02:57]} 7. Bd3 {[%clk 0:02:54]}  d5 {[%clk 0:02:57]} 8. exd5 {[%clk 0:02:55]}  O-O {[%clk 0:02:57]} 9. O-O {[%clk 0:02:55]}  Bg4 {[%clk 0:02:48]} 10. Ne2 {[%clk 0:02:49]}  cxd5 {[%clk 0:02:44]} 11. Bg5 {[%clk 0:02:29]}  h6 {[%clk 0:02:39]} 12. Bh4 {[%clk 0:02:28]}  Re8 {[%clk 0:02:39]} 13. f3 {[%clk 0:02:26]}  Bc5+ {[%clk 0:02:36]} 14. Kh1 {[%clk 0:02:25]}  Be6 {[%clk 0:02:33]} 15. c3 {[%clk 0:02:20]}  Be7 {[%clk 0:02:33]} 16. Qc2 {[%clk 0:02:19]}  Nh5 {[%clk 0:02:33]} 17. Bf2 {[%clk 0:02:17]}  Bd6 {[%clk 0:02:32]} 18. Rae1 {[%clk 0:02:11]}  Qf6 {[%clk 0:02:31]} 19. Bb5 {[%clk 0:01:39]}  Bf5 {[%clk 0:02:13]} 20. Qd2 {[%clk 0:01:34]}  Re7 {[%clk 0:01:45]} 21. Qxd5 {[%clk 0:01:24]}  Rd8 {[%clk 0:01:44]} 22. Nd4 {[%clk 0:01:18]}  Re5 {[%clk 0:01:35]} 23. Rxe5 {[%clk 0:00:54]}  Bxe5 {[%clk 0:01:33]} 24. Qc4 {[%clk 0:00:54]}  Bg6 {[%clk 0:01:19]} 25. Nc6 {[%clk 0:00:48]}  Bd3 {[%clk 0:01:18]} 26. Qc5 {[%clk 0:00:25]}  Bxf1 {[%clk 0:01:13]} 27. Nxd8 {[%clk 0:00:18]}  Bxb5 {[%clk 0:00:23]} 28. Qxb5 {[%clk 0:00:19]}  Qf4 {[%clk 0:00:20]} 29. Bg1 {[%clk 0:00:20]}  Qg5 {[%clk 0:00:11]} 30. Nc6 {[%clk 0:00:09]}  Ng3+ {[%clk 0:00:03]} 31. hxg3 {[%clk 0:00:09]}  Qxg3 {[%clk 0:00:00]} 32. Qxe5 {[%clk 0:00:08]} 1-0

[Event "April 9 Early 2024"]
[Site "Chess.com"]
[Date "2024.04.09"]
[Round "4"]
[White "Cahaya, Satria Duta"]
[Black "Badacsonyi, Stanley"]
[Result "1-0"]
[Board "91"]
[WhiteFideId "7124252"]
[BlackFideId "486973"]
[WhiteTitle "FM"]
[BlackTitle "CM"]
[WhiteElo "2741"]
[BlackElo "2562"]
[WhiteTeam "INA"]
[BlackTeam "ENG"]
[WhiteClock "0:00:43"]
[BlackClock "0:01:19"]
[Variant "Standard"]

1. e4 {[%clk 0:03:00]}  e6 {[%clk 0:03:00]} 2. d4 {[%clk 0:03:00]}  d5 {[%clk 0:03:00]} 3. Nc3 {[%clk 0:03:01]}  Nf6 {[%clk 0:03:00]} 4. e5 {[%clk 0:03:01]}  Nfd7 {[%clk 0:03:00]} 5. f4 {[%clk 0:03:02]}  c5 {[%clk 0:03:01]} 6. Nf3 {[%clk 0:03:03]}  Nc6 {[%clk 0:03:01]} 7. Be3 {[%clk 0:03:03]}  a6 {[%clk 0:03:02]} 8. Qd2 {[%clk 0:03:01]}  b5 {[%clk 0:03:02]} 9. Ne2 {[%clk 0:02:40]}  cxd4 {[%clk 0:02:59]} 10. Nexd4 {[%clk 0:02:41]}  Qc7 {[%clk 0:02:58]} 11. Nxc6 {[%clk 0:02:39]}  Qxc6 {[%clk 0:02:58]} 12. Nd4 {[%clk 0:02:40]}  Qc7 {[%clk 0:02:58]} 13. Bd3 {[%clk 0:02:34]}  Nc5 {[%clk 0:02:58]} 14. O-O {[%clk 0:02:35]}  Be7 {[%clk 0:02:53]} 15. a4 {[%clk 0:02:10]}  bxa4 {[%clk 0:02:36]} 16. Kh1 {[%clk 0:02:09]}  Bd7 {[%clk 0:02:35]} 17. f5 {[%clk 0:01:42]}  Rb8 {[%clk 0:02:14]} 18. fxe6 {[%clk 0:01:24]}  Nxe6 {[%clk 0:02:13]} 19. Nf5 {[%clk 0:01:21]}  Bb4 {[%clk 0:02:02]} 20. c3 {[%clk 0:01:14]}  Bf8 {[%clk 0:02:02]} 21. Qf2 {[%clk 0:01:10]}  Bb5 {[%clk 0:02:00]} 22. Bc2 {[%clk 0:01:06]}  Rb7 {[%clk 0:01:55]} 23. Bxa4 {[%clk 0:01:01]}  g6 {[%clk 0:01:49]} 24. Bxb5+ {[%clk 0:00:58]}  Rxb5 {[%clk 0:01:46]} 25. Nd6+ {[%clk 0:00:57]}  Bxd6 {[%clk 0:01:46]} 26. exd6 {[%clk 0:00:58]}  Qd7 {[%clk 0:01:42]} 27. Bh6 {[%clk 0:00:50]}  d4 {[%clk 0:01:36]} 28. Rxa6 {[%clk 0:00:48]}  Rb8 {[%clk 0:01:29]} 29. Qf6 {[%clk 0:00:47]}  Rg8 {[%clk 0:01:27]} 30. cxd4 {[%clk 0:00:46]}  g5 {[%clk 0:01:25]} 31. d5 {[%clk 0:00:43]}  Rg6 {[%clk 0:01:19]} 32. Qh8+ {[%clk 0:00:43]} 1-0